Cotton and chemical fibers : Competition in Japan

Guardado en:
Detalles Bibliográficos
Autor principal: Hornbeck, Bernice M.
Formato: Libro
Lenguaje:Undetermined
Publicado: Washington Foreign Agrculture Report 1957
Materias:
Etiquetas: Agregar Etiqueta
Sin Etiquetas, Sea el primero en etiquetar este registro!
Thư viện lưu trữ: Trung tâm Học liệu Trường Đại học Cần Thơ
LEADER 00549nam a2200205Ia 4500
001 CTU_96670
008 210402s9999 xx 000 0 und d
082 |a 679.6 
082 |b H814 
100 |a Hornbeck, Bernice M. 
245 0 |a Cotton and chemical fibers : 
245 0 |b Competition in Japan 
245 0 |c Bernice M. Hornbeck 
260 |a Washington 
260 |b Foreign Agrculture Report 
260 |c 1957 
650 |a Textile industry 
650 |z Japan 
904 |i Giang 
980 |a Trung tâm Học liệu Trường Đại học Cần Thơ